With our backs to the wall : (Record no. 275)

MARC details
000 -LEADER
fixed length control field 00985cam a22002898a 4500
001 - CONTROL NUMBER
control field 4801048
005 - DATE AND TIME OF LATEST TRANSACTION
control field 20200421093825.0
008 - FIXED-LENGTH DATA ELEMENTS--GENERAL INFORMATION
fixed length control field 120131r20122011enk b 001 0 eng d
015 ## - NATIONAL BIBLIOGRAPHY NUMBER
National bibliography number GBB211707
Source bnb
020 ## - INTERNATIONAL STANDARD BOOK NUMBER
International Standard Book Number 9780141020792 (pbk.) :
Terms of availability £12.99
020 ## - INTERNATIONAL STANDARD BOOK NUMBER
International Standard Book Number 0141020792 (pbk.) :
Terms of availability £12.99
035 ## - SYSTEM CONTROL NUMBER
System control number (Uk)016025748
035 ## - SYSTEM CONTROL NUMBER
System control number 2665397
040 ## - CATALOGING SOURCE
Original cataloging agency StDuBDS
Language of cataloging eng
Transcribing agency StDuBDS
082 04 - DEWEY DECIMAL CLASSIFICATION NUMBER
Classification number 940.458
Edition information 23
100 1# - MAIN ENTRY--PERSONAL NAME
Personal name Stevenson, D.
Fuller form of name (David),
Dates associated with a name 1954-
9 (RLIN) 932
245 10 - TITLE STATEMENT
Title With our backs to the wall :
Remainder of title victory and defeat in 1918 /
Statement of responsibility, etc. David Stevenson.
260 ## - PUBLICATION, DISTRIBUTION, ETC.
Place of publication, distribution, etc. London :
Name of publisher, distributor, etc. Penguin,
Date of publication, distribution, etc. 2012, c2011.
263 ## - PROJECTED PUBLICATION DATE
Projected publication date 201205
300 ## - PHYSICAL DESCRIPTION
Extent 1 v. ;
Dimensions 20 cm.
500 ## - GENERAL NOTE
General note Originally published: London: Allen Lane, 2011.
504 ## - BIBLIOGRAPHY, ETC. NOTE
Bibliography, etc. note Includes bibliographical references and index.
650 #0 - SUBJECT ADDED ENTRY--TOPICAL TERM
Topical term or geographic name entry element World War, 1914-1918
General subdivision Campaigns
Geographic subdivision Western Front.
9 (RLIN) 933
650 #0 - SUBJECT ADDED ENTRY--TOPICAL TERM
Topical term or geographic name entry element World War, 1914-1918
General subdivision Social aspects.
9 (RLIN) 934
650 #0 - SUBJECT ADDED ENTRY--TOPICAL TERM
Topical term or geographic name entry element World War, 1914-1918
General subdivision Economic aspects.
9 (RLIN) 935
942 ## - ADDED ENTRY ELEMENTS (KOHA)
Source of classification or shelving scheme Dewey Decimal Classification
Koha item type Books
Holdings
Withdrawn status Lost status Damaged status Not for loan Collection Home library Current library Shelving location Date acquired Barcode Date last seen Price effective from Koha item type
        Reference Centerville Centerville General stacks 09/04/2014 39999000011999 09/04/2014 09/04/2014 Books
        Reference Fairview Fairview General stacks 09/04/2014 39999000011975 09/04/2014 09/04/2014 Books